[Event "Reykjavik Open 2026"]
[Site "Reykjavik"]
[Date "2026.03.26"]
[Round "3.57"]
[White "Smith, Steve"]
[Black "Thorsteinsdottir, Hallgerdur"]
[Result "1/2-1/2"]
[WhiteElo "1842"]
[WhiteFideId "1802119"]
[BlackElo "2042"]
[BlackFideId "2302454"]
[Variant "Standard"]

1. e4 d5 2. exd5 Qxd5 3. Nc3 Qd6 4. d4 Nf6 5. Nf3 c6 (5... c5 6. Ne5 Nbd7 7. Bf4 Nd5 8. Nxd5 Qxd5 9. Qd2 Nxe5 10. dxe5 Qxd2+ 11. Bxd2) 6. Ne5 Nbd7 7. Bf4 Nd5 8. Nxd5 Qxd5 9. Qd2 Nxe5 10. dxe5 Qxd2+ 11. Bxd2 Bf5 12. O-O-O O-O-O 13. Bc4 e6 14. Be3 Rxd1+ 15. Rxd1 b6 16. a4 Be7 17. a5 Kc7 18. a6 Be4 19. f3 Bd5 20. Be2 c5 21. Bb5 Bc6 22. c4 h5 23. f4 h4 24. Kc2 Bxb5 25. cxb5 Rh5 26. Kd3 f6 27. Ke4 f5+ 28. Kf3 Rh8 29. Ke2 Rd8 30. Rxd8 Bxd8 31. Kf3 Kd7 32. g4 hxg3 33. hxg3 Ke8 34. g4 g6 35. gxf5 gxf5 36. Bf2 Kf7 37. Kg3 Kg6 38. Kh3 Kh5 39. b3 Kg6 40. Kg2 Kh5 41. Kh3 Kg6 42. Bg1 Kh5 43. Be3 Kg6 44. Bg1 Kh5 45. Be3 1/2-1/2

[Event "Reykjavik Open 2026"]
[Site "Reykjavik"]
[Date "2026.03.26"]
[Round "3.146"]
[White "Gautier, Marc"]
[Black "Koppe, Cordelia"]
[Result "0-1"]
[WhiteElo "1811"]
[WhiteFideId "20690657"]
[BlackElo "1656"]
[BlackFideId "16232119"]
[Variant "Standard"]

1. e4 c6 2. d4 d5 3. e5 (3. exd5 Bf5 4. Nf3 e6) 3... Bf5 4. Nf3 e6 5. Be2 c5 6. Be3 c4 7. O-O Nc6 8. c3 b5 9. a4 b4 10. b3 bxc3 11. Nxc3 Bb4 12. Bd2 Qa5 13. Rc1 cxb3 14. Qxb3 Nge7 15. Rfd1 O-O 16. Nb5 Bxd2 17. Rxd2 Rab8 18. Qa3 h6 19. Nd6 Bg4 20. Rcd1 Rb4 21. Bb5 a6 22. Bxc6 Nxc6 23. h3 Rxa4 24. Qc3 Qxc3 0-1

[Event "Reykjavik Open 2026"]
[Site "Reykjavik"]
[Date "2026.03.26"]
[Round "3.171"]
[White "Isleifsson, Runar"]
[Black "Mahabiersing, Caspar"]
[Result "1/2-1/2"]
[WhiteElo "1860"]
[WhiteFideId "2305917"]
[BlackElo "1595"]
[BlackFideId "40119882"]
[Variant "Standard"]

1. e4 e6 2. d4 d5 3. Nc3 Nf6 4. exd5 Nxd5 (4... exd5) 5. Nxd5 exd5 6. Bf4 Bd6 7. Qe2+ Be6 8. Bg3 a6 9. O-O-O Nc6 10. Nf3 h6 11. Qd2 Qd7 12. c4 Bb4 13. Qe3 O-O-O 14. c5 Rhe8 15. Qb3 Ba5 16. a3 Bg4 17. h3 Bxf3 18. Qxf3 Re1 19. Rxe1 Bxe1 20. Bd3 Qe7 21. Qd1 Re8 22. Bc2 Nb8 23. Be5 Bxf2 24. Qg4+ Nd7 25. Bxg7 Kb8 26. Rf1 Be3+ 27. Kb1 Bg5 28. Bf5 Nf6 29. Bxf6 Qxf6 30. Rf3 Qe7 31. Rf1 Qe3 32. Qd1 Qg3 33. Qf3 Qxf3 34. Rxf3 Re2 35. g3 Be3 36. Bd3 Re1+ 37. Kc2 Bxd4 38. Rxf7 Bxc5 39. Rf6 Be3 40. Rf8+ Ka7 41. Rf7 c6 42. b4 d4 43. a4 Rc1+ 44. Kb2 Rc3 45. Be4 Bd2 46. b5 axb5 47. axb5 Kb6 48. bxc6 bxc6 49. Rd7 Kc5 50. Rc7 Kd6 51. Rg7 Re3 52. Rg6+ Kc5 53. Bxc6 Rc3 54. Be4 Kb4 55. Rb6+ Ka5 56. Rd6 Rxg3 57. Bf5 Bc3+ 58. Kc2 Rg2+ 59. Kd3 Rg3+ 60. Kc4 Bb4 61. Rxd4 Rc3+ 62. Kd5 Rc5+ 63. Ke6 Bc3 64. Rd5 Rxd5 1/2-1/2